Dexter: New Blood Episode Titles - Statistics

General Stats
  • This quiz has been taken 40 times
  • The average score is 4 of 10
Answer Stats
Hint Answer % Correct
1x09 The Family Business
72%
1x10 Sins of the Father
69%
1x01 Cold Snap
52%
1x02 Storm of Fuck
48%
1x06 Too Many Tuna Sandwiches
41%
1x05 Runaway
31%
1x07 Skin of Her Teeth
31%
1x03 Smoke Signals
31%
1x04 H Is for Hero
28%
1x08 Unfair Game
28%
No matching quizzes found
Score Distribution
Percent of People with Each Score
Percentile by Number Answered
Your Score History
You have not taken this quiz